General Knowledge-8 (Record no. 4848)
[ view plain ]
| 000 -LEADER | |
|---|---|
| fixed length control field | 00205nam a22000857a 4500 |
| 008 - FIXED-LENGTH DATA ELEMENTS--GENERAL INFORMATION | |
| fixed length control field | 161212b xxu||||| |||| 00| 0 eng d |
| 100 ## - MAIN ENTRY--PERSONAL NAME | |
| 9 (RLIN) | 2001 |
| Personal name | Doshi.M.D. |
| 245 ## - TITLE STATEMENT | |
| Title | General Knowledge-8 |
| 260 ## - PUBLICATION, DISTRIBUTION, ETC. (IMPRINT) | |
| Name of publisher, distributor, etc. | Cordava |
| Date of publication, distribution, etc. | 2008 |
| Withdrawn status | Lost status | Source of classification or shelving scheme | Damaged status | Koha normalized classification for sorting | Not for loan | Home library | Current library | Shelving location | Date acquired | Total Checkouts | Full call number | Barcode | Date last seen | Price effective from | Koha item type |
|---|---|---|---|---|---|---|---|---|---|---|---|---|---|---|---|
| Dewey Decimal Classification | 080_000000000000000 | Good Samaritan School Library | Good Samaritan School Library | General Knowledge | 12/12/2016 | 080 | DOS9196 | 12/12/2016 | 12/12/2016 | BOOK |